<?xml version="1.0" encoding="UTF-8"?>
<record
    xmlns:xsi="http://www.w3.org/2001/XMLSchema-instance"
    xsi:schemaLocation="http://www.loc.gov/MARC21/slim http://www.loc.gov/standards/marcxml/schema/MARC21slim.xsd"
    xmlns="http://www.loc.gov/MARC21/slim">

  <leader>00486nam a2200181Ia 4500</leader>
  <controlfield tag="008">230125s9999    xx            000 0 und d</controlfield>
  <datafield tag="020" ind1=" " ind2=" ">
    <subfield code="a">978-1-25-900492-6</subfield>
  </datafield>
  <datafield tag="041" ind1=" " ind2=" ">
    <subfield code="a">eng</subfield>
  </datafield>
  <datafield tag="082" ind1=" " ind2=" ">
    <subfield code="a">658.3151</subfield>
    <subfield code="b">MON</subfield>
  </datafield>
  <datafield tag="100" ind1=" " ind2=" ">
    <subfield code="a">Monappa A</subfield>
    <subfield code="9">107954</subfield>
  </datafield>
  <datafield tag="245" ind1=" " ind2=" ">
    <subfield code="a">Industrial Relations and Labour Laws</subfield>
  </datafield>
  <datafield tag="250" ind1=" " ind2=" ">
    <subfield code="a">2nd Ed.</subfield>
  </datafield>
  <datafield tag="260" ind1=" " ind2=" ">
    <subfield code="c">2012</subfield>
    <subfield code="b">McGraw-Hill</subfield>
    <subfield code="a">New Delhi</subfield>
  </datafield>
  <datafield tag="300" ind1=" " ind2=" ">
    <subfield code="a">335p</subfield>
  </datafield>
  <datafield tag="700" ind1=" " ind2=" ">
    <subfield code="a">Monappa A; Nambudiri R &amp; Selvaraj P</subfield>
    <subfield code="9">118425</subfield>
  </datafield>
  <datafield tag="906" ind1=" " ind2=" ">
    <subfield code="b">173.75</subfield>
  </datafield>
  <datafield tag="999" ind1=" " ind2=" ">
    <subfield code="c">96498</subfield>
    <subfield code="d">96498</subfield>
  </datafield>
  <datafield tag="952" ind1=" " ind2=" ">
    <subfield code="0">0</subfield>
    <subfield code="1">0</subfield>
    <subfield code="2">ddc</subfield>
    <subfield code="4">0</subfield>
    <subfield code="7">3</subfield>
    <subfield code="a">HIMR</subfield>
    <subfield code="b">HIMR</subfield>
    <subfield code="d">2021-03-08</subfield>
    <subfield code="e">Forward Books</subfield>
    <subfield code="g">695.00</subfield>
    <subfield code="i">11359</subfield>
    <subfield code="o">658.3151 MON B20666</subfield>
    <subfield code="p">HIMR-BK-20666</subfield>
    <subfield code="r">2023-01-25 00:00:00</subfield>
    <subfield code="v">521.25</subfield>
    <subfield code="w">2021-03-05</subfield>
    <subfield code="y">BK</subfield>
    <subfield code="z">B20666</subfield>
  </datafield>
  <datafield tag="952" ind1=" " ind2=" ">
    <subfield code="0">0</subfield>
    <subfield code="1">0</subfield>
    <subfield code="4">0</subfield>
    <subfield code="7">0</subfield>
    <subfield code="a">HIMR</subfield>
    <subfield code="b">HIMR</subfield>
    <subfield code="d">2021-03-08</subfield>
    <subfield code="e">Forward Books</subfield>
    <subfield code="g">695.00</subfield>
    <subfield code="i">11359</subfield>
    <subfield code="l">0</subfield>
    <subfield code="o">658.3151 MON B20657</subfield>
    <subfield code="p">HIMR-BK-20657</subfield>
    <subfield code="r">2023-01-25 00:00:00</subfield>
    <subfield code="v">521.25</subfield>
    <subfield code="w">2021-03-05</subfield>
    <subfield code="y">BK</subfield>
    <subfield code="z">B20657</subfield>
  </datafield>
  <datafield tag="952" ind1=" " ind2=" ">
    <subfield code="0">0</subfield>
    <subfield code="1">0</subfield>
    <subfield code="4">0</subfield>
    <subfield code="7">0</subfield>
    <subfield code="a">HIMR</subfield>
    <subfield code="b">HIMR</subfield>
    <subfield code="d">2021-03-08</subfield>
    <subfield code="e">Forward Books</subfield>
    <subfield code="g">695.00</subfield>
    <subfield code="i">11359</subfield>
    <subfield code="l">0</subfield>
    <subfield code="o">658.3151 MON B20658</subfield>
    <subfield code="p">HIMR-BK-20658</subfield>
    <subfield code="r">2023-01-25 00:00:00</subfield>
    <subfield code="v">521.25</subfield>
    <subfield code="w">2021-03-05</subfield>
    <subfield code="y">BK</subfield>
    <subfield code="z">B20658</subfield>
  </datafield>
  <datafield tag="952" ind1=" " ind2=" ">
    <subfield code="0">0</subfield>
    <subfield code="1">0</subfield>
    <subfield code="4">0</subfield>
    <subfield code="7">0</subfield>
    <subfield code="a">HIMR</subfield>
    <subfield code="b">HIMR</subfield>
    <subfield code="d">2021-03-08</subfield>
    <subfield code="e">Forward Books</subfield>
    <subfield code="g">695.00</subfield>
    <subfield code="i">11359</subfield>
    <subfield code="l">0</subfield>
    <subfield code="o">658.3151 MON B20659</subfield>
    <subfield code="p">HIMR-BK-20659</subfield>
    <subfield code="r">2023-01-25 00:00:00</subfield>
    <subfield code="v">521.25</subfield>
    <subfield code="w">2021-03-05</subfield>
    <subfield code="y">BK</subfield>
    <subfield code="z">B20659</subfield>
  </datafield>
  <datafield tag="952" ind1=" " ind2=" ">
    <subfield code="0">0</subfield>
    <subfield code="1">0</subfield>
    <subfield code="4">0</subfield>
    <subfield code="7">0</subfield>
    <subfield code="a">HIMR</subfield>
    <subfield code="b">HIMR</subfield>
    <subfield code="d">2021-03-08</subfield>
    <subfield code="e">Forward Books</subfield>
    <subfield code="g">695.00</subfield>
    <subfield code="i">11359</subfield>
    <subfield code="l">0</subfield>
    <subfield code="o">658.3151 MON B20660</subfield>
    <subfield code="p">HIMR-BK-20660</subfield>
    <subfield code="r">2023-01-25 00:00:00</subfield>
    <subfield code="v">521.25</subfield>
    <subfield code="w">2021-03-05</subfield>
    <subfield code="y">BK</subfield>
    <subfield code="z">B20660</subfield>
  </datafield>
  <datafield tag="952" ind1=" " ind2=" ">
    <subfield code="0">0</subfield>
    <subfield code="1">0</subfield>
    <subfield code="4">0</subfield>
    <subfield code="7">0</subfield>
    <subfield code="a">HIMR</subfield>
    <subfield code="b">HIMR</subfield>
    <subfield code="d">2021-03-08</subfield>
    <subfield code="e">Forward Books</subfield>
    <subfield code="g">695.00</subfield>
    <subfield code="i">11359</subfield>
    <subfield code="l">0</subfield>
    <subfield code="o">658.3151 MON B20661</subfield>
    <subfield code="p">HIMR-BK-20661</subfield>
    <subfield code="r">2023-01-25 00:00:00</subfield>
    <subfield code="v">521.25</subfield>
    <subfield code="w">2021-03-05</subfield>
    <subfield code="y">BK</subfield>
    <subfield code="z">B20661</subfield>
  </datafield>
  <datafield tag="952" ind1=" " ind2=" ">
    <subfield code="0">0</subfield>
    <subfield code="1">0</subfield>
    <subfield code="4">0</subfield>
    <subfield code="7">0</subfield>
    <subfield code="a">HIMR</subfield>
    <subfield code="b">HIMR</subfield>
    <subfield code="d">2021-03-08</subfield>
    <subfield code="e">Forward Books</subfield>
    <subfield code="g">695.00</subfield>
    <subfield code="i">11359</subfield>
    <subfield code="l">0</subfield>
    <subfield code="o">658.3151 MON B20662</subfield>
    <subfield code="p">HIMR-BK-20662</subfield>
    <subfield code="r">2023-01-25 00:00:00</subfield>
    <subfield code="v">521.25</subfield>
    <subfield code="w">2021-03-05</subfield>
    <subfield code="y">BK</subfield>
    <subfield code="z">B20662</subfield>
  </datafield>
  <datafield tag="952" ind1=" " ind2=" ">
    <subfield code="0">0</subfield>
    <subfield code="1">0</subfield>
    <subfield code="4">0</subfield>
    <subfield code="7">0</subfield>
    <subfield code="a">HIMR</subfield>
    <subfield code="b">HIMR</subfield>
    <subfield code="d">2021-03-08</subfield>
    <subfield code="e">Forward Books</subfield>
    <subfield code="g">695.00</subfield>
    <subfield code="i">11359</subfield>
    <subfield code="l">0</subfield>
    <subfield code="o">658.3151 MON B20663</subfield>
    <subfield code="p">HIMR-BK-20663</subfield>
    <subfield code="r">2023-01-25 00:00:00</subfield>
    <subfield code="v">521.25</subfield>
    <subfield code="w">2021-03-05</subfield>
    <subfield code="y">BK</subfield>
    <subfield code="z">B20663</subfield>
  </datafield>
  <datafield tag="952" ind1=" " ind2=" ">
    <subfield code="0">0</subfield>
    <subfield code="1">0</subfield>
    <subfield code="4">0</subfield>
    <subfield code="7">0</subfield>
    <subfield code="a">HIMR</subfield>
    <subfield code="b">HIMR</subfield>
    <subfield code="d">2021-03-08</subfield>
    <subfield code="e">Forward Books</subfield>
    <subfield code="g">695.00</subfield>
    <subfield code="i">11359</subfield>
    <subfield code="l">1</subfield>
    <subfield code="o">658.3151 MON B20664</subfield>
    <subfield code="p">HIMR-BK-20664</subfield>
    <subfield code="r">2024-01-29 00:00:00</subfield>
    <subfield code="s">2024-01-25</subfield>
    <subfield code="v">521.25</subfield>
    <subfield code="w">2021-03-05</subfield>
    <subfield code="y">BK</subfield>
    <subfield code="z">B20664</subfield>
  </datafield>
  <datafield tag="952" ind1=" " ind2=" ">
    <subfield code="0">0</subfield>
    <subfield code="1">0</subfield>
    <subfield code="4">0</subfield>
    <subfield code="7">0</subfield>
    <subfield code="a">HIMR</subfield>
    <subfield code="b">HIMR</subfield>
    <subfield code="d">2021-03-08</subfield>
    <subfield code="e">Forward Books</subfield>
    <subfield code="g">695.00</subfield>
    <subfield code="i">11359</subfield>
    <subfield code="l">0</subfield>
    <subfield code="o">658.3151 MON B20665</subfield>
    <subfield code="p">HIMR-BK-20665</subfield>
    <subfield code="r">2023-01-25 00:00:00</subfield>
    <subfield code="v">521.25</subfield>
    <subfield code="w">2021-03-05</subfield>
    <subfield code="y">BK</subfield>
    <subfield code="z">B20665</subfield>
  </datafield>
</record>
